Music Quiz

Random Music or Artist Quiz

The Last 20 Best New Artist Grammy Winners Quiz Stats

 Plays Quiz Retired Jun 25, 2021

Support Sporcle.
Go Orange.
Score 0/20 Timer 05:00
0 Plays Today
% Correct
Billie Eilish
77.4%
Adele
62.9%
Amy Winehouse
53.8%
Alicia Keys
51.9%
Dua Lipa
44.8%
Carrie Underwood
44%
Sam Smith
43.6%
Maroon 5
42.9%
Macklemore & Ryan Lewis
41.4%
Meghan Trainor
40.8%
% Correct
Norah Jones
40.4%
Chance the Rapper
35.8%
John Legend
35%
Alessia Cara
34.8%
Bon Iver
33.2%
fun.
30.6%
Zac Brown Band
26.7%
Esperanza Spalding
26.4%
Evanescence
21.7%
Shelby Lynne
9.6%

You're not logged in!

Compare scores with friends on all Sporcle quizzes.
OR
Log In
Forgot?

From the Vault

75th Hunger Games Arena

by PK9

Tick Tock, Tick Tock.
Remove Ads.
Support Sporcle.
Get the best of Sporcle when you Go Orange. This ad-free experience offers more features, more stats, and more fun while also helping to support Sporcle. Thank you for becoming a member.

Show Comments

Extras

Top Quizzes Today


Score Distribution

Your Account Isn't Verified!

In order to create a playlist on Sporcle, you need to verify the email address you used during registration. Go to your Sporcle Settings to finish the process.

Report this User

Report this user for behavior that violates our Community Guidelines.

Details: